000
00251nam a2200097Ia 4500
008
240331s9999 xx 000 0 und d
082
_b
SPI
100
_a
Spivak , G.C
245
4
_a
The post-colonial critic :
_b
interviews, strategies, dialogues
942
_c
L
999
_c
2146
_d
2146